Loreto College Library, Kolkata
WEBOPAC (ONLINE PUBLIC ACCESS CATALOGUE)

Microeconomics (Record no. 39266)

MARC details
000 -LEADER
fixed length control field 00635nam a2200229Ia 4500
005 - DATE AND TIME OF LATEST TRANSACTION
control field 20140526151251.0
008 - FIXED-LENGTH DATA ELEMENTS--GENERAL INFORMATION
fixed length control field 131103s9999 xx 000 0 und d
020 ## - ISBN | অাই এস বি এন
ISBN | অাই এস বি এন 0195686462
PRICE 325.00
040 ## - CATALOGING SOURCE
Original cataloging agency Loreto College
041 ## - LANGUAGE CODE
Language code English
082 ## - DDC | ডিউই
Classification number | বর্গসংখ্যা 338.5
Book Number | গ্রন্থাঙ্ক SEN
100 ## - MAIN ENTRY--PERSONAL NAME | মুখ্য সংলেখ - ব্যাক্তিনাম
Personal name | ব্যাক্তিনাম Sen,Anindya
245 ## - TITLE STATEMENT | অাখ্যা বিবরণী
Title | অাখ্যা Microeconomics
Sub title | উপঅাখ্যা Theory and applications
Statement of responsibility | লেখকের দায়িত্বের বিবরণ Anindya Sen
250 ## - EDITION STATEMENT | সংস্করণ ক্ষেত্র
Edition statement | সংস্করণ 2nd ed.
260 ## - IMPRINT | প্রকাশনা ক্ষেত্র
Place of publication | প্রকাশ স্থান New Delhi
Name of publisher | প্রকাশকের নাম Oxford University Press
Date of publication | প্রকাশ কাল 2007
300 ## - PHYSICAL DESCRIPTION |
Page / Vol. No | পৃষ্ঠা / খন্ড সংখ্যা x,290 p.
Other physical details | অনান্য বাহ্যিক বিবরণ ill.,fig.;22cm
504 ## - BIBLIOGRAPHY, ETC. NOTE
Bibliography, etc Includes bibliographical references and index
650 ## - SUBJECT ADDED ENTRY--TOPICAL TERM | বিষয় শিরোনাম - মূল বিষয়
Topical term | মূল বিষয় Economics
651 ## - SUBJECT ADDED ENTRY--GEOGRAPHIC NAME | বিষয় শিরোনাম - ভৌগলিক নাম
Geographic name | ভৌগলিক বিষয় Microeconomics
850 ## - HOLDING INSTITUTION
Holding institution LCLIB
942 ## - ADDED ENTRY ELEMENTS (KOHA)
Koha item type Books
Holdings
Withdrawn status Lost status Source of classification Damaged status Not for loan Home library Current library Date acquired Price Total Checkouts Full call number Accession No. Date last seen Date checked out Price effective from Koha item type Shelving location
    Dewey Decimal Classification     Loreto College Loreto College 26/05/2014 0.00 34 338.5 SEN 50420 42695 28/01/2026 19/01/2026 26/05/2014 Books  
    Dewey Decimal Classification     Loreto College Loreto College 26/05/2014 0.00   338.5 SEN EcoSemLib/1020 50421 42696 26/05/2014   26/05/2014 Books Seminar Library